Представление документа в формате RUSMARC

ПолеНазваниеЗначение
  Тип записи i
  Библиографический уровень m
001 Контрольный номер RU/IS/BASE/507911478
005 Дата корректировки 20201206205003.6
010 Индекс ISBN __
a ISBN (в кор.)
d Цена 181-48
100 Данные общей обработки __
a Данные общей обработки 19160204d2013||||||| 0rusy0189 ca
101 Язык документа 0_
a Язык текста rus
102 Страна публикации __
a Страна публикации ru|
105 Кодированные данные (монография) __
a Кодированные данные (монография) |||||||||||zy
127 Кодированные данные (звукозаписи-физические характеристики) __
a Продолжительность проигрывания 01 ч 40 мин
200 Заглавие и сведения об ответственности 1_
a Заглавие Иван Бунин в исполнении мастеров художественного слова
e Сведения, относящиеся к заглавию [аудиокнига : 16+]
f Первые сведения об ответственности Иван Бунин ; [читают] Михаил Астаганов, Анатолий Кторов, Мария Бабанова
b Общее обозначение материала Звукозапись
210 Выходные данные __
a Место издания Москва
c Издательство АРДИС
d Дата издания 2013
215 Физическое описание __
a Объем 1 электрон. опт. диск (Audio CD)
c Иллюстрации/тип воспроизводства mp3, stereo
d Формат 12х14 см
225 Серия __
a Серия Театр у микрофона
230 Специфическая характеристика материала: электронные ресурсы __
a Обозначение и объем ресурса Электронные звуковые данные
300 Общие примечания __
a Общие примечания Запись: 1958 г., 1959 г., 1961 г.
323 Примечание о главных создателях, исполнителях, участниках __
a Примечание о главных создателях, исполнителях, участниках Астаганов, М. (читает)
323 Примечание о главных создателях, исполнителях, участниках __
a Примечание о главных создателях, исполнителях, участниках Кторов, А. (читает)
323 Примечание о главных создателях, исполнителях, участниках __
a Примечание о главных создателях, исполнителях, участниках Бабанова, М. (читает)
327 Примечание о содержании __
a Примечание о содержании Господин из Сан-Франциско
327 Примечание о содержании __
a Примечание о содержании Грамматика любви
327 Примечание о содержании __
a Примечание о содержании Цифры
330 Аннотация __
a Аннотация Лучшие рассказы Ивана Алексеевича Бунина читают признанные мастера художественного слова Михаил Астангов, Анатолий Кторов и Мария Бабанова. "Господин из Сан-Франциско" читает Михаил Астангов, запись 1958 года. "Грамматика любви" читает Анатолий Кторов, запись 1959 года. "Цифры" читает Мария Бабанова, запись 1961 года.
333 Примечание о целевом назначении __
a Примечание о целевом назначении 16+. Для детей старше 16 лет
337 Примечание о системных требованиях (электронные ресурсы) __
a Примечание о системных требованиях (электронные ресурсы) Системные требования: CD-плеер с поддержкой MP3 или Pentium-233 с Windows 9x-XP ; CD-ROM ; звуковая карта
517 Другие варианты заглавия __
a Другие варианты заглавия Господин из Сан-Франциско
517 Другие варианты заглавия __
a Другие варианты заглавия Грамматика любви
517 Другие варианты заглавия __
a Другие варианты заглавия Цифры
606 Тематические рубрики __
a Основная рубрика Художественная литература
606 Тематические рубрики __
a Основная рубрика Русская литература XIX в. (произведения)
606 Тематические рубрики __
a Основная рубрика Русская литература XX в. (произведения)
610 Ключевые слова __
a Ключевые слова проза
a Ключевые слова рассказы
a Ключевые слова русское зарубежье
a Ключевые слова тема взаимоотношений
a Ключевые слова тема жизни
a Ключевые слова тема любви
a Ключевые слова тема общества
a Ключевые слова тема судьбы
a Ключевые слова тема человека
a Ключевые слова художественная проза
686 Индексы других классификаций __
2 Код системы rubbks
a Классификационный индекс 84(2=411.2)53-4я04
700 Автор _1
a Фамилия Бунин
b Имя И. А.
f Даты 1870-1953
g Полное личное имя Иван Алексеевич
4 Код отношения 070
801 Источник записи _0
a Страна ru
b Организация Муниципальное бюджетное учреждение культуры "Централизованная библиотечная система" г. Сургут (Центральная городская библиотека им. А. С. Пушкина)
c Дата составления 20160204
g Правила каталогизации КиК/Коробейникова
801 Источник записи _1
a Страна ru
b Организация Муниципальное бюджетное учреждение культуры "Централизованная библиотечная система" г. Сургут (Центральная городская библиотека им. А. С. Пушкина)
c Дата составления 20160204
g Правила каталогизации КиК/Коробейникова
852 Данные о местонахождении __
j Шифр хранения 84(2=411.2)53-4я04
i Авторский знак Б 91
901 Тип документа __
t Тип документа 0
903 Характеристики (МАРС) __
a Дата передачи 20160204
969 Тип издания __
a Тип издания аудиокнига; издание для слепых; сборник
990 Данные о заказе (DOS) __
j Количество экземпляров (DOS) 6
t N записи в КСУ для И/У (DOS) 201602